СВС порошков "TiN-AI2O3" в воздухе и получение из них керамики; Современные техника и технологии; Т. 2

Xehetasun bibliografikoak
Parent link:Современные техника и технологии: 14 Международная научно-практическая конференция студентов, аспирантов и молодых ученых, г. Томск, 24-28 марта 2008 г./ Томский политехнический университет (ТПУ).— , 2008
Т. 2.— 2008.— С. 178-179
Egile nagusia: Строкова Ю. И. Юлия Игоревна
Beste egile batzuk: Пономарёва М. Ю. (научный руководитель), Громов А. А.
Hizkuntza:errusiera
Argitaratua: 2008
Gaiak:
Formatua: MixedMaterials Liburu kapitulua
KOHA link:https://koha.lib.tpu.ru/cgi-bin/koha/opac-detail.pl?biblionumber=151019

MARC

LEADER 00000naa2a2200000 4500
001 151019
005 20231031150345.0
035 |a (RuTPU)RU\TPU\book\163749 
090 |a 151019 
100 |a 20090116d2008 k y0rusy50 ca 
101 0 |a rus 
102 |a RU 
200 1 |a СВС порошков "TiN-AI2O3" в воздухе и получение из них керамики  |f Ю. И. Строкова, М. Ю. Пономарёва  |g науч. рук. А. А. Громов 
320 |a Библиогр.: 4 назв. 
461 1 |0 (RuTPU)RU\TPU\book\156858  |t Современные техника и технологии  |o 14 Международная научно-практическая конференция студентов, аспирантов и молодых ученых, г. Томск, 24-28 марта 2008 г.  |o труды  |o в 3 т.  |f Томский политехнический университет (ТПУ)  |d 2008 
463 1 |0 (RuTPU)RU\TPU\book\158716  |t Т. 2  |v С. 178-179  |d 2008  |p 434 с. 
610 1 |a керамика 
610 1 |a порошки 
610 1 |a нитрид титана 
610 1 |a покрытия 
610 1 |a корунд 
610 1 |a керамические порошки 
610 1 |a горение 
610 1 |a труды учёных ТПУ 
700 1 |a Строкова  |b Ю. И.  |c химик-технолог  |c ассистент Томского политехнического университета, кандидат технических наук  |f 1983-  |g Юлия Игоревна  |2 stltpush  |3 (RuTPU)RU\TPU\pers\36840 
701 1 |a Пономарёва  |b М. Ю. 
702 1 |a Громов  |b А. А.  |4 727 
801 1 |a RU  |b 63413507  |c 20090116  |g PSBO 
801 2 |a RU  |b 63413507  |c 20160601  |g RCR 
942 |c BK